00269nam a2200085Ia 4500008004100000082001500041245001300056260010200069300001200171230907s9999||||xx |||||||||||||| ||und|| a531.6bENE 0aEnergy / aBritannica Educational Pub. in association with Rosen Educational Services,bNew York, NY :c2012 a79 p. :